000 00680nam a2200217Ii 4500
003 JO-AjNU
008 230606s9999||||xx |||||||||||||| ||und||
020 _a978-0-415-37041-7
040 _aJO-AjNU
_beng
_erda
_cJO-AjNU
041 _aeng
050 1 4 _aGB661.2.S53 2011
100 3 _aShaw, Elizbeth M, Beven,Keith J , Chappell, Nick A and Lamb, Rob,
_eauthor
_94937
245 0 0 _aHydrology in Practice
250 _a4th ed
264 3 1 _aLondon: Spon Press. 2011
300 _a543p
_bIncludes bibiographical references and index
336 _atext
_btxt
_2rdacontent
337 _aunmediated
_bn
_2rdamedia
338 _avolume
_bnc
_2rdacarrier
650 4 _aHydrology
_94938
999 _aE2554
_c2552
_d2552